Музыкальное кондиционирование в психологическом сопровождении профессиональной деятельности операторов (Запись № 13039294)

Подробности
000 -МАРКЕР
контрольное поле 03521nam0a2200385 4500
001 - ИДЕНТИФИКАТОР ЗАПИСИ
контрольное поле RU\NLR\BIBL_A\012753294
005 - ИДЕНТИФИКАТОР ВЕРСИИ
контрольное поле 20220713151742.0
010 ## - МЕЖДУНАРОДНЫЙ СТАНДАРТНЫЙ НОМЕР КНИГИ (ISBN)
Номер (ISBN) 978-5-8290-1889-4
Тираж 500
021 ## - НОМЕР ГОСУДАРСТВЕННОЙ РЕГИСТРАЦИИ
Код страны Российская Федерация
Номер КН-П-21-091820
Номер Листа государственной регистраци КН-П-21-7323
035 ## - ДРУГИЕ СИСТЕМНЫЕ НОМЕРА
Идентификатор записи (NLR Aleph) 012753294
035 ## - ДРУГИЕ СИСТЕМНЫЕ НОМЕРА
Идентификатор записи (RuMoRGB)010935445
100 ## - ДАННЫЕ ОБЩЕЙ ОБРАБОТКИ
Данные общей обработки 20220406d2020 k y0rusy50 ca
101 0# - ЯЗЫК РЕСУРСА
Язык текста, звукозаписи и т.д. русский
102 ## - СТРАНА ПУБЛИКАЦИИ ИЛИ ПРОИЗВОДСТВА
Страна публикации Российская Федерация
105 ## - ПОЛЕ КОДИРОВАННЫХ ДАННЫХ: ТЕКСТОВЫЕ МАТЕРИАЛЫ, МОНОГРАФИЧЕСКИЕ
Кодированные данные о монографическом текстовом документе y z 000zy
181 #0 - ПОЛЕ КОДИРОВАННЫХ ДАННЫХ: ВИД СОДЕРЖАНИЯ
Код вида содержания (ISBD) i
Код характеристики содержания (ISBD) axxe
182 #0 - ПОЛЕ КОДИРОВАННЫХ ДАННЫХ: ТИП СРЕДСТВА
Код типа средства (ISBD) n - непосредственное
200 1# - ЗАГЛАВИЕ И СВЕДЕНИЯ ОБ ОТВЕТСТВЕННОСТИ
Основное заглавие Музыкальное кондиционирование в психологическом сопровождении профессиональной деятельности операторов
Сведения, относящиеся к заглавию монография
Первые сведения об ответственности А. А. Благинин, С. В. Смольянинова
Последующие сведения об ответственности Ленинградский государственный университет имени А. С. Пушкина
203 ## - ВИД СОДЕРЖАНИЯ И ТИП СРЕДСТВА
Вид содержания Текст
Дополнительные сведения об издании визуальный
Тип средства непосредственный
210 ## - ПУБЛИКАЦИЯ, РАСПРОСТРАНЕНИЕ И ДР.
Место издания, распространения и т.д. Санкт-Петербург
Имя издателя, распространителя и т. д. Ленинградский государственный университет имени А. С. Пушкина
Дата издания, распространения и т.д. 2020
215 ## - ФИЗИЧЕСКАЯ ХАРАКТЕРИСТИКА
Специфическое обозначение материала и объем 76, [1] с.
Размеры 22
320 ## - ПРИМЕЧАНИЯ О НАЛИЧИИ В ДОКУМЕНТЕ БИБЛИОГРАФИИ / УКАЗАТЕЛЯ
Текст примечания Библиогр. в конце кн. (89 назв.)
330 ## - РЕЗЮМЕ ИЛИ РЕФЕРАТ
Текст примечания В монографии изложены современные представления о применении метода музыкального кондиционирования в психологическом сопровождении профессиональной деятельности операторов. Рассмотрены факторы надежности профессиональной деятельности операторов и методы ее сохранения, раскрыты особенности применения музыки для коррекции психического состояния операторов, показана эффективность метода дифференцированного подхода к выбору музыкальных программ для восстановления работоспособности операторов, дано психофизиологическое обоснование применения различных музыкальных программ для обеспечения надежности профессиональной деятельности операторов. Публикуемые материалы предназначены для ученых, занимающихся исследованиями в области физиологии, психофизиологии, психологии. Издание может быть использовано в образовательной деятельности
606 1# - НАИМЕНОВАНИЕ ТЕМЫ КАК ПРЕДМЕТ
Наименование темы Операторы
Тематический подзаголовок Работоспособность
-- Влияние музыки
Системный номер авторитетной/нормативной записи 2515855
Идентификатор авторитетной/нормативной записи RU\NLR\AUTH\6601705889
606 1# - НАИМЕНОВАНИЕ ТЕМЫ КАК ПРЕДМЕТ
Наименование темы Операторы
Тематический подзаголовок Профессиональная деятельность
-- Психологические исследования
Системный номер авторитетной/нормативной записи 2452582
Идентификатор авторитетной/нормативной записи RU\NLR\AUTH\6601675653
686 1# - ИНДЕКСЫ ДРУГИХ КЛАССИФИКАЦИЙ
Индекс Р124.085
686 1# - ИНДЕКСЫ ДРУГИХ КЛАССИФИКАЦИЙ
Индекс Ю941.2
700 #1 - ИМЯ ЛИЦА - ПЕРВИЧНАЯ ОТВЕТСТВЕННОСТЬ
Начальный элемент ввода Благинин
Часть имени, кроме начального элемента ввода А. А.
Расширение инициалов личного имени Андрей Александрович
701 #1 - ИМЯ ЛИЦА - АЛЬТЕРНАТИВНАЯ ОТВЕТСТВЕННОСТЬ
Начальный элемент ввода Смольянинова
Часть имени, кроме начального элемента ввода С. В.
Расширение инициалов личного имени Светлана Владимировна
942 ## - ДОПОЛНИТЕЛЬНЫЕ ЭЛЕМЕНТЫ ЗАПИСИ (АБИС)
Тип экземпляра АБИС Книга
980 ## - КОЛЛЕКЦИЯ
Название коллекции НБР
980 ## - КОЛЛЕКЦИЯ
Название коллекции Национальная библиография

Нет доступных экземпляров.